000 01129pam a2200301 a 4500
001 2976798
003 NUST - PNEC
005 20170116180834.0
008 920407s1992 nyua b 001 0 eng
010 _a 92014237
020 _a0470218584 (J. Wiley)
020 _a8122403239 (Wiley Eastern Ltd.)
040 _aDLC
_cLIBRARY
_dDLC
050 0 0 _aQA300
_b.M2846 1992
082 0 0 _a515 MAL
100 1 _aMalik, S. C.
245 1 0 _aMathematical analysis /
_cS.C. Malik, Savita Arora.
250 _a2nd ed.
260 _aNew York :
_bWiley,
_cc1992.
300 _axii, 903 p. :
_bill. ;
_c25 cm.
500 _a"First published in 1992 by Wiley Eastern Limited ... Daryaganj, New Delhi"--T.p. verso.
504 _aIncludes bibliographical references (p. [893]-896) and index.
650 0 _aMathematical analysis.
_xME
700 1 _aArora, Savita.
906 _a7
_bcbc
_corignew
_d1
_eocip
_f19
_gy-gencatlg
942 _2ddc
_cBK
999 _c64128
_d64128